000 00642nam a22002177a 4500
005 20250901122234.0
008 240902b |||||||| |||| 00| 0 eng d
020 _a9789358499018
040 _aIN-DiNC
_cIN-DiNC
041 _deng
082 _a301.072
_bBHU
100 _aBhuyan, Dilip Kumar
_eauthor
245 _aMethods of sociological enquiry (Minor3)/
_cby Dilip Kumar Bhuyan, Moushumi Bordoloi and Priyanka Borah
250 _a1st ed.
260 _aDibrugarh:
_bBanalata,
_c2024.
300 _a255p.
650 _aSocial research
700 _aBordoloi, Moushumi
_eauthor
700 _aBorah, Priyanka
_eauthor
942 _2ddc
_cBK
999 _c11925
_d11925